<?xml version="1.0" encoding="UTF-8"?>
<record
    xmlns:xsi="http://www.w3.org/2001/XMLSchema-instance"
    xsi:schemaLocation="http://www.loc.gov/MARC21/slim http://www.loc.gov/standards/marcxml/schema/MARC21slim.xsd"
    xmlns="http://www.loc.gov/MARC21/slim">

  <leader>01328nam a22002775  4500</leader>
  <controlfield tag="001">0f0jg7rlxq6jt87p</controlfield>
  <controlfield tag="003">LIBRIS</controlfield>
  <controlfield tag="005">20221228075945.0</controlfield>
  <controlfield tag="007">cr |||   |||||         </controlfield>
  <controlfield tag="008">220114s2019    xx |||||o|||||000 ||eng|d</controlfield>
  <datafield tag="020" ind1=" " ind2=" ">
    <subfield code="z">1859468241 (print)</subfield>
  </datafield>
  <datafield tag="035" ind1=" " ind2=" ">
    <subfield code="a">(SFX)4100000009669839</subfield>
  </datafield>
  <datafield tag="040" ind1=" " ind2=" ">
    <subfield code="a">SEK</subfield>
    <subfield code="c">NA</subfield>
  </datafield>
  <datafield tag="041" ind1=" " ind2=" ">
    <subfield code="a">eng</subfield>
  </datafield>
  <datafield tag="082" ind1=" " ind2=" ">
    <subfield code="a">728 St164 2019</subfield>
  </datafield>
  <datafield tag="100" ind1="1" ind2=" ">
    <subfield code="a">Stevenson, Fionn</subfield>
  </datafield>
  <datafield tag="245" ind1="1" ind2="0">
    <subfield code="a">Housing Fit for Purpose : Performance, Feedback and Learning</subfield>
    <subfield code="h">[Elektronisk resurs]</subfield>
  </datafield>
  <datafield tag="264" ind1=" " ind2="1">
    <subfield code="b">RIBA Publications,</subfield>
    <subfield code="c">2019</subfield>
  </datafield>
  <datafield tag="776" ind1="0" ind2="8">
    <subfield code="i">Print:</subfield>
    <subfield code="t">Housing Fit for Purpose : Performance, Feedback and Learning</subfield>
    <subfield code="z">1859468241</subfield>
  </datafield>
  <datafield tag="856" ind1="4" ind2="0">
    <subfield code="u">http://link.sub.su.se/sfxsub?url_ver=Z39.88-2004&amp;ctx_ver=Z39.88-2004&amp;ctx_enc=info:ofi/enc:UTF-8&amp;rfr_id=info:sid/sfxit.com:opac_856&amp;url_ctx_fmt=info:ofi/fmt:kev:mtx:ctx&amp;sfx.ignore_date_threshold=1&amp;rft.object_id=4100000009669839&amp;svc_val_fmt=info:ofi/fmt:kev:mtx:sch_svc&amp;</subfield>
    <subfield code="z">Tillg&#xFFFD;nglig f&#xFFFD;r anv&#xFFFD;ndare inom Stockholms universitet</subfield>
    <subfield code="z">Taylor &amp; Francis eBooks Complete:Full Text</subfield>
  </datafield>
  <datafield tag="887" ind1=" " ind2=" ">
    <subfield code="a">{"@id":"0f0jg7rlxq6jt87p","modified":"2022-01-14T12:10:26.172+01:00"}</subfield>
    <subfield code="2">librisxl</subfield>
  </datafield>
  <datafield tag="887" ind1=" " ind2=" ">
    <subfield code="a">{"@id":"s7sb81khqf3l5l84","modified":"2022-04-06T08:04:40.616+02:00"}</subfield>
    <subfield code="2">librisxl</subfield>
  </datafield>
  <datafield tag="942" ind1=" " ind2=" ">
    <subfield code="2">ddc</subfield>
    <subfield code="c">BK-EN</subfield>
    <subfield code="n">0</subfield>
  </datafield>
  <datafield tag="999" ind1=" " ind2=" ">
    <subfield code="c">5738</subfield>
    <subfield code="d">5738</subfield>
  </datafield>
  <datafield tag="952" ind1=" " ind2=" ">
    <subfield code="0">0</subfield>
    <subfield code="1">0</subfield>
    <subfield code="2">ddc</subfield>
    <subfield code="4">0</subfield>
    <subfield code="7">0</subfield>
    <subfield code="a">CENTRAL</subfield>
    <subfield code="b">TUWAIQ</subfield>
    <subfield code="d">2022-12-28</subfield>
    <subfield code="l">0</subfield>
    <subfield code="o">728 St164 2019</subfield>
    <subfield code="p">1000000024484</subfield>
    <subfield code="r">2022-12-28 00:00:00</subfield>
    <subfield code="t">1</subfield>
    <subfield code="w">2022-12-28</subfield>
    <subfield code="y">BK-EN</subfield>
  </datafield>
</record>
